MARC
| LEADER | 00000cam a2200000 a 4500 | ||
|---|---|---|---|
| 001 | UCF9537 | ||
| 003 | CL-VaPUC | ||
| 008 | 131129e20000000sp |||||||||||||||||spa|d | ||
| 020 | |a 8430532080 | ||
| 082 | 0 | 4 | |a 463 |b MIP |2 21 |
| 245 | 1 | 0 | |a Mi primer diccionario |
| 300 | |a 63 p | ||
| 942 | |c BK | ||
| 945 | |d 20131129 12:34:00 |a cmena | ||
| 260 | |a Madrid |b Susaeta |c 2000 | ||
| 650 | 0 | |a Idioma español |9 309143 | |
| 650 | 0 | |a Diccionarios |9 256200 | |
| 650 | 0 | |a Vocabularios |9 316229 | |
| 583 | |a last modification |c 20131129 12:34:00 |k Rodrigo Vera | ||
| 999 | |c 353980 |d 353978 | ||